000 00317nam a2200133Ia 4500
008 190216s9999||||xx |||||||||||||| ||und||
100 _aSeth M L
245 0 _aTheory And Practice Of Economic Planning
250 _a6th Ed.
260 _bSulthan Chand &co
_c1977
300 _a732
650 _aEconomics
942 _cBK
999 _c9307
_d9307